00259nam a2200085Ia 4500008004100000041000800041100001800049245006500067260004100132231107s2010 xx 000 0 und d aeng aBebbington T. aThe Complete Illustrated Guide to Islamic Art & Architecture aLondonbAnness Publishing Ltd.c2010